000 00740nam a2200289Ia 4500
008 181129s9999 xx 000 0 und d
020 _a9780439853286
050 _bC255 2005
100 _aCapucilli, Alyssa Satin
245 0 _aBiscuit and the baby /
245 0 _cby Alyssa Satin Capucilli ; pictures by Pat Schories.
260 _aNew York, NY :
260 _bScholastic,
260 _c2005
300 _a23 pages :
300 _bcolor illustrations ;
300 _c21cm.
440 _aMy first I can red book.
500 _a170L
650 _aBiscuit (Fictious character).
650 _aDogs.
650 _aInfants.
650 _aPuppies.
700 _aSchories, Pat.
700 _aSeries.
700 _aTitle.
999 _c359928
_d359928